000 01205nam0a22002651 4500
001 rc\3653088
005 20130115150041.3
021 _aRU
_b[74-91466]
035 _a(NLR Aleph) 007834418
090 _a9762090
_c9762090
100 _a20130115d1974 |||y0rusy50 ca
101 0 _arus
102 _aRU
105 _aa z |||||
200 1 _aЗакалка сталей в вакууме
_e[Учеб. пособие для слушателей заоч. курсов повышения квалификации ИТР по металловедению, технологии и оборудованию терм. обраб. металлов]
_fНауч.-техн. о-во машиностроит. пром-сти. Ун-т техн. прогресса в машиностроении
210 _aМосква
_cМашиностроение
_d1974
215 _a[1], 28 с.
_cил.
_d22
320 _aСписок лит.: с. 27-28 (17 назв.)
606 _aЗакалка в вакууме
_2psbo
700 1 _aМурованная
_bС. Г.
_gСветлана Григорьевна
801 0 _aRU
_bNLR
_gpsbo
801 1 _aRU
_bELAR
_2rusmarc
852 _aNLR
_j74-6/5802
942 _cBOOK
980 _aNB